[Event "2nd Irena Warakomska Memorial-A"]
[Site "Suwalki"]
[Date "2018.08.03"]
[Round "3"]
[White "Buraczewski, Rafal"]
[Black "Zgadzaj, Rafal"]
[Result "0-1"]
[WhiteElo "2221"]
[BlackElo "2154"]
[Annotator "NA"]
[PlyCount "112"]
[EventDate "2018.08.01"]
[EventType "swiss"]
[EventCountry "POL"]
[SourceTitle "playchess.com"]
[Source "ChessBase"]
[SourceQuality "1"]
[TimeControl "40/5400+30:1800+30"]

1. d4 {[%emt 0:00:00]} g6 2. c4 {[%emt 0:00:00]} Bg7 {[%emt 0:00:00]} 3. Nc3 c5 4. d5 {[%emt 0:00:20]} Bxc3+ {[%emt 0:00:00]} 5. bxc3 {[%emt 0:00:06]} f5 {[%emt 0:00:00]} 6. Qc2 {[%emt 0:04:50]} Nf6 {[%emt 0:05:58]} 7. Bh6 {[%emt 0:12:58]} d6 8. h4 {[%emt 0:10:29]} Qa5 {[%emt 0:07:39]} 9. e3 {[%emt 0:08:14]} Nbd7 {[%emt 0:02:15]} 10. Nh3 {[%emt 0:04:29]} Rg8 {[%emt 0:09:02]} 11. Bg5 {[%emt 0:16:34]} Ne5 {[%emt 0:07:51]} 12. Bxf6 {[%emt 0:01:07]} exf6 {[%emt 0:02:58]} 13. Be2 {[%emt 0:09:52]} Bd7 {[%emt 0:06:30]} 14. f4 Ng4 15. Bxg4 {[%emt 0:00:50]} fxg4 {[%emt 0:00:32]} 16. Nf2 {[%emt 0:00:01]} f5 {[%emt 0:00:02]} 17. e4 {[%emt 0:00:48]} g3 {[%emt 0:21:27]} 18. Nd1 {[%emt 0:01:42]} Ba4 {[%emt 0:05:05]} 19. Qd3 {[%emt 0:08:36]} O-O-O {[%emt 0:03:13]} 20. O-O {[%emt 0:02:26]} fxe4 {[%emt 0:03:38]} 21. Qxe4 {[%emt 0:00:30]} Bxd1 {[%emt 0:06:05]} 22. Raxd1 {[%emt 0:03:41]} Rge8 23. Qd3 {[%emt 0:00:12]} Qxa2 {[%emt 0:02:20]} 24. Ra1 {[%emt 0:00:09]} Qe2 {[%emt 0:00:23]} 25. Qxg3 {[%emt 0:02:02]} Qxc4 {[%emt 0:07:00]} 26. Rxa7 {[%emt 0:00:42]} Kb8 {[%emt 0:00:47]} 27. Raa1 {[%emt 0:00:14]} Qxd5 {[%emt 0:03:17]} 28. Rad1 {[%emt 0:05:07]} Qf5 29. c4 d5 {[%emt 0:02:07]} 30. cxd5 {[%emt 0:00:34]} Rxd5 {[%emt 0:00:00]} 31. Rxd5 {[%emt 0:00:02]} Qxd5 {[%emt 0:00:00]} 32. f5+ {[%emt 0:00:31]} Qe5 33. Qxe5+ {[%emt 0:01:11]} Rxe5 {[%emt 0:00:00]} 34. f6 {[%emt 0:00:08]} Re8 {[%emt 0:00:07]} 35. g4 {[%emt 0:00:50]} Kc7 {[%emt 0:04:46]} 36. g5 {[%emt 0:00:26]} b5 {[%emt 0:03:00]} 37. Kf2 {[%emt 0:02:15]} b4 38. Re1 {[%emt 0:00:00]} Rb8 {[%emt 0:01:43]} 39. Ke3 {[%emt 0:00:00]} Kc6 {[%emt 0:00:00]} 40. Kd2 {[%emt 0:00:00]} c4 {[%emt 0:00:00]} 41. Kc2 {[%emt 0:14:26]} Kc5 {[%emt 0:14:56]} 42. Rf1 Kd6 {[%emt 0:00:11]} 43. Rd1+ {[%emt 0:07:33]} Ke5 {[%emt 0:02:53]} 44. Re1+ {[%emt 0:06:10]} Kf5 45. Re7 {[%emt 0:00:10]} b3+ {[%emt 0:01:50]} 46. Kb1 {[%emt 0:00:20]} c3 47. Rc7 {[%emt 0:00:06]} c2+ {[%emt 0:03:11]} 48. Kb2 {[%emt 0:02:16]} Kg4 {[%emt 0:03:22]} 49. Rc4+ {[%emt 0:07:05]} Kg3 50. Re4 {[%emt 0:00:14]} Rc8 {[%emt 0:01:38]} 51. Re1 {[%emt 0:00:03]} Kxh4 {[%emt 0:01:02]} 52. Rg1 {[%emt 0:01:04]} Rc7 {[%emt 0:03:05]} 53. Kc1 {[%emt 0:01:29]} Kh5 {[%emt 0:00:32]} 54. Kb2 h6 {[%emt 0:00:05]} 55. gxh6 {[%emt 0:00:55]} Kxh6 {[%emt 0:00:52]} 56. Rf1 c1=Q+ 0-1

[Event "2nd Irena Warakomska Memorial-A"]
[Site "Suwalki"]
[Date "2018.08.03"]
[Round "3"]
[White "Pietruszewski, Marcin"]
[Black "Warakomski, Tomasz"]
[Result "0-1"]
[WhiteElo "2208"]
[BlackElo "2512"]
[Annotator "ChessBase"]
[PlyCount "80"]
[EventDate "2018.08.01"]
[EventType "swiss"]
[EventCountry "POL"]
[SourceTitle "playchess.com"]
[Source "ChessBase"]
[SourceQuality "1"]
[TimeControl "40/5400+30:1800+30"]

1. e4 {[%emt 0:00:00]} c5 {[%emt 0:00:00]} 2. Nf3 {[%emt 0:00:00]} d6 {[%emt 0:00:16]} 3. d4 {[%emt 0:00:00]} cxd4 {[%emt 0:00:04]} 4. Nxd4 {[%emt 0:00:00]} Nf6 {[%emt 0:00:04]} 5. Nc3 {[%emt 0:00:00]} Nc6 {[%emt 0:00:02]} 6. Nb3 {[%emt 0:08:34]} e6 {[%emt 0:06:00]} 7. Be2 {[%emt 0:00:11]} Be7 {[%emt 0:03:22]} 8. g4 {[%emt 0:00:12]} d5 {[%emt 0:04:24]} 9. exd5 {[%emt 0:04:10]} Nxd5 {[%emt 0:00:04]} 10. Nxd5 {[%emt 0:04:09]} exd5 {[%emt 0:00:15]} 11. Be3 {[%emt 0:00:22]} O-O {[%emt 0:00:40]} 12. Qd2 {[%emt 0:11:14]} Ne5 {[%emt 0:03:37]} 13. Rg1 {[%emt 0:01:02]} Nc4 {[%emt 0:02:15]} 14. Bxc4 {[%emt 0:01:13]} dxc4 {[%emt 0:00:05]} 15. Qxd8 {[%emt 0:06:48]} Rxd8 {[%emt 0:00:12]} 16. Nd4 {[%emt 0:00:04]} Bd7 {[%emt 0:25:13]} 17. c3 {[%emt 0:01:16]} b5 {[%emt 0:00:13]} 18. a3 {[%emt 0:00:18]} a5 {[%emt 0:00:57]} 19. Nc2 {[%emt 0:12:48]} b4 {[%emt 0:09:26]} 20. axb4 {[%emt 0:01:13]} axb4 {[%emt 0:00:05]} 21. Rxa8 {[%emt 0:00:25]} Rxa8 {[%emt 0:00:05]} 22. cxb4 {[%emt 0:00:12]} Bxb4+ {[%emt 0:02:04]} 23. Ke2 {[%emt 0:00:19]} Bf8 {[%emt 0:09:31]} 24. Bd4 {[%emt 0:01:07]} f5 {[%emt 0:04:38]} 25. h3 {[%emt 0:22:03]} Rd8 {[%emt 0:11:50]} 26. Bc3 {[%emt 0:06:12]} Ba4 {[%emt 0:00:42]} 27. Ne3 {[%emt 0:02:18]} f4 {[%emt 0:00:19]} 28. Nxc4 {[%emt 0:02:10]} Bb5 {[%emt 0:00:14]} 29. b3 {[%emt 0:00:09]} f3+ {[%emt 0:00:05]} 30. Ke3 {[%emt 0:09:33]} Bc5+ {[%emt 0:00:05]} 31. Kf4 {[%emt 0:00:02]} Bxf2 {[%emt 0:00:07]} 32. Rf1 {[%emt 0:03:39]} Rf8+ {[%emt 0:00:34]} 33. Ke5 {[%emt 0:00:14]} Ba7 {[%emt 0:03:13]} 34. Bb4 {[%emt 0:03:10]} Rf7 {[%emt 0:04:34]} 35. Kd5 {[%emt 0:01:40]} f2 {[%emt 0:00:51]} 36. Bc5 {[%emt 0:00:34]} Rd7+ {[%emt 0:00:46]} 37. Bd6 {[%emt 0:00:02]} Bb8 {[%emt 0:00:30]} 38. Kc5 {[%emt 0:00:57]} Bxc4 {[%emt 0:00:10]} 39. bxc4 {[%emt 0:00:01]} Rxd6 {[%emt 0:00:49]} 40. Rxf2 {[%emt 0:00:00]} Rd3 {[%emt 0:00:00]} 0-1

[Event "2nd Irena Warakomska Memorial-A"]
[Site "Suwalki"]
[Date "2018.08.03"]
[Round "3"]
[White "Kokoszczynski, Jan"]
[Black "Tihonov, Jurij"]
[Result "1/2-1/2"]
[WhiteElo "2187"]
[BlackElo "2385"]
[Annotator "TA"]
[PlyCount "115"]
[EventDate "2018.08.01"]
[EventType "swiss"]
[EventCountry "POL"]
[SourceTitle "playchess.com"]
[Source "ChessBase"]
[SourceQuality "1"]

{[%evp 21,115,0,2,-2,39,0,20,0,0,0,0,0,0,0,0,0,0,0,0,0,0,-160,60,62,80,67,57,31,31,30,24,6,6,0,26,15,96,50,125,83,85,85,87,83,106,106,106,93,94,91,117,0,0,0,0,0,81,43,166,119,268,266,266,267,343,334,383,56,744,738,720,723,656,234,234,228,213,226,213,147,147,133,133,133,133,133,147,147,147,147,147,147,147,147,147,147]} 1. e4 c5 2. Nf3 d6 3. d4 cxd4 4. Nxd4 Nf6 5. f3 e5 6. Nb3 Be6 7. c4 a5 {B55: Sicilian: 2...d6 3 d4 cxd4 4 Nxd4 Nf6 5 f3} (7... Nbd7 8. Be3 b5 9. Na3 a6 10. cxb5 d5 11. bxa6 dxe4 12. Bb5 Nd5 13. Bc5 Nf4 14. O-O Bxb3 15. Qxd7+ Qxd7 16. Bxf8 Rxf8 17. axb3 Rxa6 18. Bxd7+ Kxd7 {½-½ (27) Vitiugov,N (2721)-Duda,J (2710) Czech Republic 2018}) 8. Be3 a4 9. Nc1 Be7 10. Nc3 Qa5 11. Qd2 O-O {LiveBook: 7 Games} 12. Rb1 Nc6 13. Be2 Bd8 $146 ({Predecessor:} 13... Rfc8 14. b4 axb3 15. Nxb3 {0-1 (37) Chylewski,P (2213)-Krzyzanowski,M (2457) Gora Swietej Anny 2018}) 14. b3 Bb6 15. Bxb6 Qxb6 16. bxa4 Qa7 17. Nb5 Qxa4 18. O-O Bxc4 19. Bxc4 Qxc4 20. Nxd6 Qa6 {...Rfd8 is the strong threat.} 21. Nxb7 $2 (21. Qe2 $11) 21... Rab8 $2 (21... Qa7+ $1 $17 22. Qf2 Rfb8 23. Qxa7 Rxa7) 22. Nc5 $14 Qxf1+ 23. Kxf1 Rxb1 24. Qc2 Rbb8 25. N1d3 Rfc8 26. Qc3 Nd4 {Hoping for ...Nd7!} 27. Qa5 ({Not} 27. Nxe5 $2 Ne6 $19) 27... h5 28. h4 Ne8 ({Much worse is} 28... Rb5 29. Qa7 $16) (28... Ra8 $11 {keeps the balance.} 29. Qd2 Rab8) 29. Kg1 f6 (29... Nd6 $14) 30. Qa4 Nd6 31. Qd7 Rd8 32. Qe7 $1 Nf7 33. a4 $1 Rbc8 34. Qb7 Rb8 35. Qa6 Nb3 {[#]} 36. Nxb3 (36. Ne6 $1 $16 {[%cal Re6d8]} Rd6 37. Qa7) 36... Rxb3 $11 37. Nc5 Rb2 38. Qe6 Rc2 (38... Rd1+ $11 39. Kh2 Rdd2 40. Qe8+ Kh7 41. Qxf7 Rxg2+ 42. Kh1 Rge2 43. Qxh5+ Kg8 44. Qe8+ Kh7 45. Qh5+ Kg8 46. Qe8+ Kh7 47. Qh5+) 39. Nd7 $16 Rdc8 ({Better is} 39... Rd2 $14 40. Nb6 R2d6) 40. Nb6 $36 {[%mdl 2048] Keeping Black busy.} Rc1+ (40... R8c7 $16 41. Nd5 Rb7 42. Ne7+ Kf8) 41. Kh2 Rd8 42. a5 Ra1 {[#]} 43. Nc4 $1 Kf8 44. a6 $2 (44. Qc6 $18) 44... Rdd1 $2 {[%mdl 8192]} (44... Ra8 $14) 45. Qc8+ Rd8 46. Qb7 Rc1 47. a7 $2 (47. Qb4+ Kg8 48. a7) 47... Rxc4 {White is clearly better.} 48. a8=Q Rxa8 49. Qxa8+ {[%mdl 4096] Endgame KQ-KRN} Ke7 50. Qg8 g5 51. Kg3 Rc1 52. hxg5 fxg5 53. Qg6 h4+ 54. Kg4 Rd1 55. Qc6 Rd6 56. Qc7+ Kf6 57. Qb8 Kg7 58. Qa8 {Precision: White = 48%, Black = 40%.} 1/2-1/2

[Event "2nd Irena Warakomska Memorial-A"]
[Site "Suwalki"]
[Date "2018.08.03"]
[Round "3"]
[White "Lewtak, Dominik"]
[Black "Oglaza, Oskar"]
[Result "1/2-1/2"]
[WhiteElo "2177"]
[BlackElo "2364"]
[Annotator "TA"]
[PlyCount "105"]
[EventDate "2018.08.01"]
[EventType "swiss"]
[EventCountry "POL"]
[SourceTitle "playchess.com"]
[Source "ChessBase"]
[SourceQuality "1"]

{[%evp 19,105,6,48,25,76,8,8,0,0,0,23,19,10,-8,16,0,26,18,15,19,33,0,6,9,15,0,36,-57,0,-42,-50,-53,78,76,194,163,145,142,213,220,631,622,631,28,25,35,117,48,44,0,360,59,59,-15,88,110,94,92,82,28,87,34,60,62,63,12,25,20,28,20,25,0,0,0,0,0,0,0,0,0,0,0,0,0,0,0,0,0]} 1. Nf3 Nf6 2. g3 g6 3. Bg2 Bg7 4. O-O O-O 5. c4 d5 6. cxd5 Nxd5 7. Nc3 Nb6 8. d4 Nc6 9. d5 Na5 10. e4 Bd7 {LiveBook: 3 Partien. D76: Grünfeldindisch (Fianchetto HV 7... Sb6)} (10... c6 11. Bf4 Nac4 12. b3 Bxc3 13. bxc4 Bxa1 14. Qxa1 Nxc4 15. Bh6 f6 16. Bxf8 Qxf8 17. dxc6 bxc6 18. Rc1 Be6 19. Bf1 {½-½ (42) Giri,A (2762)-Navara,D (2726) Heraklio 2017}) 11. Nd4 c5 $146 {[#]} (11... Rc8 $11) ({Vorgänger:} 11... c6 12. b3 Rc8 13. Bb2 Re8 14. Rc1 c5 15. Nde2 e6 16. h3 exd5 17. exd5 h5 18. Ba1 {½-½ (30) Tonchev,M (2272)-Marholev,D (2325) Sunny Beach 2015}) 12. Nb3 (12. Nde2 $1 $16) 12... Na4 $1 $11 13. Qc2 Nxc3 14. bxc3 Ba4 15. Qb2 Nc4 16. Qc2 Nd6 {Droht stark ...c4.} 17. Qb2 Qb6 18. Rb1 Nb5 19. Bd2 Rac8 20. Rfc1 e6 21. Be3 exd5 $1 22. exd5 Rfe8 23. h4 (23. Bh3 $14 f5 24. Bf1) 23... Qd6 (23... Rxe3 $1 $15 24. fxe3 Qc7) 24. Nd2 Qf6 25. Ne4 Rxe4 (25... Qf5 $1 $15 {bleibt weiter vorne.} 26. Qe2 (26. Nxc5 Bxc3 27. Rxc3 Nxc3 $15) 26... Rxe4 27. Bxe4 Qxe4 28. Rxb5 Bxb5 29. Qxb5 Qxd5) 26. Bxe4 $16 Nxc3 {[#]} (26... b6 $16) 27. Rxc3 $1 {[%mdl 512]} Qxc3 28. Qxb7 Re8 (28... Rf8 $16) 29. d6 $18 {Und weiter mit d7 wäre nett.} Bf8 $2 (29... Bd4) 30. Bd5 Qf6 31. Bg5 $2 (31. d7 $18 Bxd7 32. Qxd7) 31... Qf5 $11 32. Bf4 Rd8 (32... Bg7 $14) 33. Be4 (33. Re1 $16) 33... Qe6 $1 $14 34. Bd5 (34. h5 $5) 34... Qd7 $2 {[%mdl 8192] [#]} (34... Qf5 $11 {und Schwarz steht sicher.}) 35. Qa6 $2 ({Weiss kommt nicht vorbei an} 35. Qxd7 $1 $18 Rxd7 36. Rb8) 35... Qf5 $1 {[%cal Rf5b1]} 36. Bxf7+ ({Natürlich nicht} 36. Qb7 Rd7 $11) (36. Rc1 $14) 36... Qxf7 (36... Kxf7 $11 37. Rb7+ Bd7 38. Qc4+ (38. Bg5 Rc8 $17) 38... Ke8 39. Rxa7 Bc6) 37. Qxa4 $16 {zielt auf Dc6 ab.} Bxd6 38. Bxd6 Rxd6 $14 {[%mdl 4096] Endspiel KDT-KDT} 39. Qe4 (39. Rb8+ $16 Kg7 40. Qe4) 39... Re6 (39... Rd8 $11 {bleibt in der Remisbreite.}) 40. Qa8+ (40. Rb8+ $16 Kg7 41. Qd3) 40... Kg7 41. Qc8 Re5 42. Rd1 (42. a4 $14) 42... Kh6 43. Qd8 Qf3 44. Qd2+ Kh5 45. Re1 Rxe1+ {Die Stellung ist ausgeglichen.} 46. Qxe1 $11 {KD-KD} c4 47. Qe7 {[%csl Gh4][%cal Re7g5]} Kh6 48. Qd7 c3 49. Qe7 c2 50. Qg5+ Kg7 51. Qe5+ Kh6 52. Qg5+ Kg7 53. Qe5+ {Precision: Weiß = 23%, Schwarz = 35%.} 1/2-1/2

[Event "2nd Irena Warakomska Memorial-A"]
[Site "Suwalki"]
[Date "2018.08.03"]
[Round "3"]
[White "Popiol, Michal"]
[Black "Kuchava, Ana"]
[Result "1/2-1/2"]
[WhiteElo "2164"]
[BlackElo "2124"]
[Annotator "NA"]
[PlyCount "70"]
[EventDate "2018.08.01"]
[EventType "swiss"]
[EventCountry "POL"]
[SourceTitle "playchess.com"]
[Source "ChessBase"]
[SourceQuality "1"]
[TimeControl "40/5400+30:1800+30"]

1. d4 {[%emt 0:00:00]} d5 {[%emt 0:01:53]} 2. c4 {[%emt 0:00:00]} e6 {[%emt 0:00:10]} 3. Nc3 {[%emt 0:00:00]} Be7 {[%emt 0:00:27]} 4. Nf3 {[%emt 0:00:07]} Nf6 {[%emt 0:00:05]} 5. Bf4 {[%emt 0:00:08]} c5 {[%emt 0:00:39]} 6. dxc5 {[%emt 0:00:10]} Bxc5 {[%emt 0:00:04]} 7. e3 {[%emt 0:00:08]} Nc6 {[%emt 0:00:08]} 8. a3 {[%emt 0:00:14]} O-O {[%emt 0:00:26]} 9. Qc2 {[%emt 0:00:51]} Qa5 {[%emt 0:01:55]} 10. Rd1 {[%emt 0:00:22]} Be7 {[%emt 0:00:11]} 11. Bd3 {[%emt 0:01:53]} h6 {[%emt 0:04:36]} 12. O-O {[%emt 0:01:12]} a6 {[%emt 0:00:28]} 13. h3 {[%emt 0:08:47]} Bd7 {[%emt 0:11:31]} 14. cxd5 {[%emt 0:03:43]} exd5 {[%emt 0:00:39]} 15. Ne5 {[%emt 0:03:51]} Be6 {[%emt 0:05:13]} 16. Nxc6 {[%emt 0:39:13]} bxc6 {[%emt 0:00:07]} 17. e4 {[%emt 0:00:11]} Rfc8 {[%emt 0:13:24]} 18. Qd2 {[%emt 0:17:17]} Qd8 {[%emt 0:06:45]} 19. Bb1 Bf8 {[%emt 0:18:16]} 20. Rfe1 {[%emt 0:02:49]} a5 {[%emt 0:12:30]} 21. Be5 dxe4 {[%emt 0:08:16]} 22. Qe3 {[%emt 0:10:19]} Nd5 {[%emt 0:02:00]} 23. Qxe4 {[%emt 0:00:58]} g6 {[%emt 0:01:36]} 24. Ba2 {[%emt 0:00:53]} Bg7 {[%emt 0:04:42]} 25. Nxd5 {[%emt 0:03:02]} cxd5 {[%emt 0:00:05]} 26. Bxd5 {[%emt 0:00:16]} Bxd5 {[%emt 0:01:02]} 27. Rxd5 {[%emt 0:00:44]} Qb6 {[%emt 0:00:08]} 28. Bxg7 {[%emt 0:01:49]} Kxg7 {[%emt 0:00:07]} 29. Qe5+ {[%emt 0:00:10]} Qf6 {[%emt 0:01:15]} 30. Rxa5 {[%emt 0:02:15]} Rxa5 {[%emt 0:00:16]} 31. Qxa5 {[%emt 0:00:03]} Qxb2 {[%emt 0:00:10]} 32. a4 {[%emt 0:01:13]} Rc4 {[%emt 0:03:42]} 33. Qb5 {[%emt 0:01:59]} Qd4 {[%emt 0:01:25]} 34. a5 {[%emt 0:00:33]} Rc5 {[%emt 0:01:18]} 35. Qb6 {[%emt 0:00:47]} Qc3 {[%emt 0:00:24]} 1/2-1/2

[Event "2nd Irena Warakomska Memorial-A"]
[Site "Suwalki"]
[Date "2018.08.03"]
[Round "3"]
[White "Ocytko, Andrzej"]
[Black "Sliwerski, Radoslaw"]
[Result "1/2-1/2"]
[WhiteElo "2155"]
[BlackElo "1990"]
[Annotator "NA"]
[PlyCount "69"]
[EventDate "2018.08.01"]
[EventType "swiss"]
[EventCountry "POL"]
[SourceTitle "playchess.com"]
[Source "ChessBase"]
[SourceQuality "1"]
[TimeControl "40/5400+30:1800+30"]

1. e4 {[%emt 0:00:00]} c5 {[%emt 0:02:25]} 2. Nf3 {[%emt 0:00:03]} d6 {[%emt 0:00:08]} 3. c4 {[%emt 0:02:40]} Nc6 {[%emt 0:02:07]} 4. d4 {[%emt 0:00:53]} cxd4 {[%emt 0:00:06]} 5. Nxd4 {[%emt 0:00:05]} Nf6 {[%emt 0:00:29]} 6. Nc3 {[%emt 0:00:08]} g6 {[%emt 0:00:03]} 7. Be2 {[%emt 0:01:50]} Bg7 {[%emt 0:00:14]} 8. Be3 {[%emt 0:04:45]} O-O {[%emt 0:08:54]} 9. Qd2 Bd7 {[%emt 0:16:41]} 10. f3 {[%emt 0:12:17]} a6 {[%emt 0:03:35]} 11. O-O Rc8 {[%emt 0:08:47]} 12. Rac1 {[%emt 0:03:41]} Re8 {[%emt 0:03:34]} 13. Rfd1 Qa5 {[%emt 0:17:13]} 14. Nb3 {[%emt 0:17:37]} Qc7 15. Nd5 {[%emt 0:05:55]} Qb8 {[%emt 0:01:41]} 16. Nb6 {[%emt 0:04:20]} Rcd8 {[%emt 0:02:45]} 17. Nd4 {[%emt 0:04:37]} Nxd4 {[%emt 0:02:09]} 18. Bxd4 {[%emt 0:00:07]} Be6 {[%emt 0:00:36]} 19. Be3 {[%emt 0:05:13]} Nd7 {[%emt 0:01:18]} 20. Qb4 {[%emt 0:04:09]} Nxb6 {[%emt 0:04:38]} 21. Bxb6 {[%emt 0:00:08]} Rc8 {[%emt 0:00:50]} 22. a4 {[%emt 0:02:04]} Bh6 {[%emt 0:08:21]} 23. Rb1 {[%emt 0:00:21]} a5 {[%emt 0:03:14]} 24. Qc3 {[%emt 0:09:25]} Bg7 {[%emt 0:04:18]} 25. Bd4 {[%emt 0:05:25]} Bxd4+ {[%emt 0:00:32]} 26. Qxd4 {[%emt 0:01:33]} Qc7 {[%emt 0:01:09]} 27. b3 {[%emt 0:01:10]} Qc5 {[%emt 0:00:36]} 28. Qxc5 {[%emt 0:04:48]} dxc5 {[%emt 0:00:32]} 29. Kf2 {[%emt 0:00:38]} Red8 {[%emt 0:00:09]} 30. Ke3 {[%emt 0:00:26]} f6 {[%emt 0:00:33]} 31. f4 {[%emt 0:00:20]} h6 {[%emt 0:00:38]} 32. g4 Kg7 {[%emt 0:05:28]} 33. Bf3 {[%emt 0:09:10]} b6 {[%emt 0:00:13]} 34. Rxd8 {[%emt 0:00:44]} Rxd8 {[%emt 0:00:01]} 35. Rd1 {[%emt 0:00:06]} 1/2-1/2

[Event "2nd Irena Warakomska Memorial-A"]
[Site "Suwalki"]
[Date "2018.08.03"]
[Round "3"]
[White "Ulanowski, Karol"]
[Black "Punin, Andrii"]
[Result "1/2-1/2"]
[WhiteElo "2149"]
[BlackElo "2339"]
[Annotator "NA"]
[PlyCount "74"]
[EventDate "2018.08.01"]
[EventType "swiss"]
[EventCountry "POL"]
[SourceTitle "playchess.com"]
[Source "ChessBase"]
[SourceQuality "1"]
[TimeControl "40/5400+30:1800+30"]

1. e4 c6 2. d4 d5 3. Nc3 dxe4 4. Nxe4 Bf5 5. Ng3 Bg6 6. h4 h6 7. Nf3 e6 8. Ne5 Bh7 9. Be3 Nd7 10. f4 Ngf6 11. Qd2 Be7 12. O-O-O O-O 13. c4 Qc7 14. Bd3 Bxd3 15. Qxd3 Rfd8 16. Qc3 c5 17. Kb1 cxd4 18. Bxd4 Bc5 19. Rhe1 Bxd4 20. Rxd4 Nxe5 21. fxe5 Rxd4 22. Qxd4 Rd8 23. Qf4 Ne8 24. a3 f5 25. Ne2 Qd7 26. g4 Qd3+ 27. Ka1 Rc8 28. gxf5 Rxc4 29. Qf2 exf5 30. Nc3 Qd4 31. Qf3 Qxh4 32. Rh1 Qf4 33. Qd5+ Kf8 34. Rd1 Rc6 35. Rd4 Qc1+ 36. Ka2 Rxc3 37. bxc3 Qc2+ 1/2-1/2

[Event "2nd Irena Warakomska Memorial-A"]
[Site "Suwalki"]
[Date "2018.08.03"]
[Round "3"]
[White "Harshini, A."]
[Black "Szostko, Jakub"]
[Result "1-0"]
[WhiteElo "2124"]
[BlackElo "2299"]
[Annotator "ChessBase"]
[PlyCount "167"]
[EventDate "2018.08.01"]
[EventType "swiss"]
[EventCountry "POL"]
[SourceTitle "playchess.com"]
[Source "ChessBase"]
[SourceQuality "1"]
[TimeControl "40/5400+30:1800+30"]

1. e4 e5 2. Nf3 Nc6 3. Bb5 a6 4. Ba4 Nf6 5. O-O Be7 6. Re1 b5 7. Bb3 d6 8. c3 O-O 9. d4 Bg4 10. d5 Na5 11. Bc2 Qc8 12. h3 Bd7 13. Nbd2 c6 14. dxc6 Qxc6 15. Nf1 Rfc8 16. Bd3 Nb7 17. Ng3 g6 18. Bh6 Nc5 19. Qd2 Nxd3 20. Qxd3 Ne8 21. Rac1 Be6 22. b3 a5 23. Rc2 f6 24. Rd1 a4 25. Nd2 axb3 26. axb3 d5 27. f4 dxe4 28. Qxe4 Qxe4 29. Ngxe4 f5 30. Ng5 Bxg5 31. Bxg5 e4 32. c4 Ra7 33. Rdc1 Rac7 34. Bh4 Nd6 35. c5 e3 36. Nf1 e2 37. Rxe2 Ne4 38. b4 Bc4 39. Rb2 Bxf1 40. Kxf1 Rd7 41. Bf2 Kf7 42. Rbc2 Nxf2 43. Kxf2 Rd4 44. Rb2 Rxf4+ 45. Kg3 Rd4 46. Ra1 Ke6 47. Ra5 Rb8 48. Ra6+ Kd7 49. Ra7+ Kc6 50. Rxh7 Re8 51. Ra7 Re6 52. Ra8 Kb7 53. Rg8 Kc6 54. Rb8 Ree4 55. Rb6+ Kd5 56. Rxb5 Kc4 57. Rb6 Kc3 58. Rf2 Rxb4 59. Rxg6 f4+ 60. Kg4 Rbc4 61. Rf6 Rxc5 62. R6xf4 Re8 63. h4 Rd5 64. g3 Rg8+ 65. Kh3 Rd1 66. g4 Rh1+ 67. Kg3 Rg1+ 68. Rg2 Rh1 69. g5 Kd3 70. Kg4 Ke3 71. Rg3+ Ke2 72. Re4+ Kd2 73. Kh5 Rh8+ 74. Kg6 R8xh4 75. Rxh4 Rxh4 76. Kg7 Ke2 77. g6 Kf2 78. Rc3 Rb4 79. Kh7 Rh4+ 80. Kg8 Rb4 81. g7 Kg2 82. Rc6 Kg3 83. Kh7 Rb7 84. Kh8 1-0

[Event "2nd Irena Warakomska Memorial-A"]
[Site "Suwalki"]
[Date "2018.08.03"]
[Round "3"]
[White "Walkusz, Witoslaw"]
[Black "Nowak, Lukasz"]
[Result "0-1"]
[WhiteElo "2121"]
[BlackElo "2280"]
[Annotator "NA"]
[PlyCount "80"]
[EventDate "2018.08.01"]
[EventType "swiss"]
[EventCountry "POL"]
[SourceTitle "playchess.com"]
[Source "ChessBase"]
[SourceQuality "1"]
[TimeControl "40/5400+30:1800+30"]

1. e4 c5 2. Nf3 d6 3. Bb5+ Nd7 4. a4 Ngf6 5. Nc3 a6 6. Bc4 b6 7. O-O Bb7 8. d3 e6 9. h3 Be7 10. Re1 O-O 11. Bf4 Qc7 12. Qe2 Rfe8 13. Bg3 Bf8 14. Rad1 Bc6 15. Qf1 Qb7 16. Bb3 b5 17. Ra1 d5 18. exd5 exd5 19. Ne5 Nxe5 20. Bxe5 Nd7 21. Bf4 c4 22. Ba2 Nc5 23. Rxe8 Rxe8 24. Nd1 Nxa4 25. b3 cxb3 26. cxb3 Nc5 27. d4 Ne6 28. Be3 g6 29. Nb2 Bg7 30. Qd3 Qb6 31. Rd1 a5 32. Bb1 a4 33. b4 Ra8 34. Qa3 Qd8 35. Nd3 Nxd4 36. Kf1 Nb3 37. Nc5 d4 38. Nxb3 axb3 39. Qxb3 Bd5 40. Qc2 dxe3 0-1